00708nam a22001937a 450000500170000001000150001702000270003203500140005903700090007308200120008210000300009424500790012426000400020327000690024330000210031294200260033399900190035995201360037820241111111912.0 aENG-142597 c2995.00a9788182904248 aEN-126129 bDBAD a780.924 aBandopadhay, Sruti973840 aRabindranritya:cEdited by V. SivakamybThe Dance Idiom Created By Tagore/ aHaryana bShubhi Publicationsc2019 bGurugrama479, Sector-14e122001msurbhipublications@yahoo.co.in a324p.c28cm(pbk) 2ddccENh780.924mBAN c206947d206947 001040718NFICaDBADbDBADd2024-11-11eDBADg2995.00l0o780.924 BANpEN-126129r2024-11-11 00:00:00t1v2995.00w2024-11-11yEN